Pedagogia Siglo XXI / (Registro nro. 40232)

Detalles MARC
000 -LEADER
fixed length control field 01949nam a2200301 4500
001 - CONTROL NUMBER
control field 0000015050
003 - CONTROL NUMBER IDENTIFIER
control field CO-CtgCURN
005 - DATE AND TIME OF LATEST TRANSACTION
control field 20250429224132.0
007 - PHYSICAL DESCRIPTION FIXED FIELD--GENERAL INFORMATION
fixed length control field ta
008 - FIXED-LENGTH DATA ELEMENTS--GENERAL INFORMATION
fixed length control field 160627s2010 000 0 eng d
020 ## - INTERNATIONAL STANDARD BOOK NUMBER
International Standard Book Number 9675506
040 ## - CATALOGING SOURCE
Original cataloging agency CO-CtgCURN
Language of cataloging spa
Transcribing agency coctgcurn
082 0# - DEWEY DECIMAL CLASSIFICATION NUMBER
Classification number 378.9861
Item number Ac72
100 1# - MAIN ENTRY--PERSONAL NAME
Personal name Acosta Bendek, Eduardo.
245 10 - TITLE STATEMENT
Title Pedagogia Siglo XXI /
Statement of responsibility, etc. Eduardo Acosta Bendex.
250 ## - EDITION STATEMENT
Edition statement 2a ed.
260 ## - PUBLICATION, DISTRIBUTION, ETC.
Place of publication, distribution, etc. Barranquilla :
Name of publisher, distributor, etc. Unimetro,
Date of publication, distribution, etc. 2010.
300 ## - PHYSICAL DESCRIPTION
Extent 156 p.
336 ## - CONTENT TYPE
Source rdacontent
337 ## - MEDIA TYPE
Source rdamedia
Media type term sin mediacion
Media type code n
338 ## - CARRIER TYPE
Source rdacarrier
Carrier type term volumen
Carrier type code nc
504 ## - BIBLIOGRAPHY, ETC. NOTE
Bibliography, etc. note Incluye referencias bibliograficas (p. 153-156)
505 8# - FORMATTED CONTENTS NOTE
Formatted contents note Mensaje a la juventud universitaria.--Innovaciones en la Universidad y en la pedagogia del futuro.--Políticas de admisiones universitarias.--Políticas educativas de la Universidad Metropolitana.--La demoractizacion de la enseñanza a nivel de la educación superior.--La educación frente al morbo de la violencia.--Al olvido la enseñanza tradicional.--La educación como factor de cambio.--Educación hacia la busqueda de su calidad.--Una pedagogia con pertinencia y calidad.--La universidad y la investigación.--En medio ambiente victima de la ciencia y de la tecnología moderna.--La universidad y su interrelacion con la sociedad.--Internacionalizacion de las relaciones universitarias.--La educación superior del siglo XXI.--Universidad versus empleo.--La biblioteca en la universidad del siglo XXI.--Educación y salud en las prospectivas del desarrollo social.--Nuevas estrategias de educación en salud.--La violencia y el sistema educativo.--La Universidad Metropolitana propugna por un nuevo proyecto educaciónal.--La universidad ante un desafio
650 14 - SUBJECT ADDED ENTRY--TOPICAL TERM
Topical term or geographic name entry element Educación superior
Form subdivision aspectos sociales.
908 ## - PUT COMMAND PARAMETER (RLIN)
Put command parameter 160627
942 ## - ADDED ENTRY ELEMENTS (KOHA)
Koha item type Libros
Classification part 378.9861
Item part Ac72
Source of classification or shelving scheme Dewey Decimal Classification
Existencias
Withdrawn status Lost status Source of classification or shelving scheme Damaged status Not for loan Collection Home library Current library Shelving location Date acquired Inventory number Total checkouts Full call number Barcode Date last seen Price effective from Koha item type Public note
    Dewey Decimal Classification     General Miguel Henríquez Castañeda Miguel Henríquez Castañeda General 04/29/2025 016022   378.9861 Ac72 016022 04/29/2025 04/29/2025 Libros 370-EDUCAC